LEADER 01969nam 2200433 a 450 001 9910700970103321 005 20110906114207.0 035 $a(CKB)5470000002413324 035 $a(OCoLC)749937928 035 $a(EXLCZ)995470000002413324 100 $a20110906d2011 ua 0 101 0 $aeng 135 $aurmn||||||||| 181 $ctxt$2rdacontent 182 $cc$2rdamedia 183 $acr$2rdacarrier 200 10$aAviation security$b[electronic resource] $eTSA has taken actions to improve security, but additional efforts remain : testimony before the Subcommittee on National Security, Homeland Defense, and Foreign Operations, Committee on Oversight and Government Reform, House of Representatives /$fstatement of Stephen M. Lord 210 1$a[Washington, D.C.] :$cU.S. Govt. Accountability Office,$d[2011] 215 $a1 online resource (16 pages) $ccolor illustrations 225 1 $aTestimony ;$vGAO-11-807T 300 $aTitle from PDF title screen (viewed Sept. 1, 2011). 300 $a"For release ... July 13, 2011." 320 $aIncludes bibliographical references. 517 $aAviation security 606 $aAirports$xBaggage handling$xSecurity measures$zUnited States$xFinance 606 $aAirline passenger security screening$zUnited States$xPlanning 606 $aAeronautics$xSecurity measures$zUnited States 615 0$aAirports$xBaggage handling$xSecurity measures$xFinance. 615 0$aAirline passenger security screening$xPlanning. 615 0$aAeronautics$xSecurity measures 700 $aLord$b Stephen M$01387410 712 02$aUnited States.$bCongress.$bHouse.$bCommittee on Oversight and Government Reform.$bSubcommittee on National Security, Homeland Defense, and Foreign Operations. 712 02$aUnited States.$bGovernment Accountability Office. 801 0$bGPO 801 1$bGPO 906 $aBOOK 912 $a9910700970103321 996 $aAviation security$93452410 997 $aUNINA